Onymické systémy v regionech : (sborník příspěvků z 5. semináře "Onomastika a škola", konaného 12.-14. ledna 1993 v Hradci Králové) /

Hlavní autor: Šrámek, Rudolf, 1934-
Korporativní autor: Vysoká škola pedagogická v Hradci Králové
Další autoři: Bartůňková, Jana, 1942-, Koblížek, Vladimír, 1944-, Onomastika a škola
Jazyk: Čeština
Vydáno: Hradec Králové : Gaudeamus, 1995
Vydání: 1. vyd.
Témata:
Fyzický popis: 255 s. ; 20 cm
Knihy
Uloženo v:
LEADER 01436nam a2200301 a 4500
001 000057568
003 CZ BrMZK
005 20080428100028.0
008 950407s1995 xr f cze d
020 |a 80-7041-349-2 
040 |a BOA001  |b cze 
080 |a 801.31(063)  |2 MRF 
100 1 |a Šrámek, Rudolf,  |d 1934-  |7 jk01131001  |4 com 
245 1 0 |a Onymické systémy v regionech :  |b (sborník příspěvků z 5. semináře "Onomastika a škola", konaného 12.-14. ledna 1993 v Hradci Králové) /  |c [uspořádali a edičně připravili: Rudolf Šrámek, Jana Bartůňková, Vladimír Koblížek] 
250 |a 1. vyd. 
260 |a Hradec Králové :  |b Gaudeamus,  |c 1995 
300 |a 255 s. ;  |c 20 cm 
500 |a Vyd. Vysoká škola pedagogická v Hradci Králové. - Text též pol., rus., slov. - Bibliogr. na konci někt. statí 
653 0 |a Hradec Králové (Česko) 
700 1 |a Bartůňková, Jana,  |d 1942-  |7 mzk2003173195  |4 com 
700 1 |a Koblížek, Vladimír,  |d 1944-  |7 mzk2002142106  |4 com 
710 2 |a Vysoká škola pedagogická v Hradci Králové  |7 kn20010709407 
711 2 |a Onomastika a škola  |n (5. :  |d 1993 :  |c Hradec Králové, Česko)  |7 kn20071129001 
910 |a BOA001  |b PK-0124.413 
964 |a Onomastika  |x výuka školní  |x konference  |x sborníky 
964 |a Onomastika  |x konference  |x sborníky 
990 |a BK 
996 7 |b 3119002291  |c PK-0124.413  |l MZK  |r Sklad / do 1 hodiny  |n 37  |p kup  |w 000057568  |u 000010  |a 1  |e BOA001  |j MZK50  |s A